|
|
|
|
| LEADER |
00000nam a2200000 i 4500 |
| 001 |
ELB131113 |
| 003 |
FINmELB |
| 005 |
20200820162738.0 |
| 006 |
m o u |
| 007 |
cr cn||||||||| |
| 008 |
050125s2005 enk ob 001 0 eng d |
| 020 |
|
|
|a 9781134276479
|q (e-book)
|
| 035 |
|
|
|a (OCoLC)252741932
|
| 040 |
|
|
|a FINmELB
|b eng
|e rda
|c FINmELB
|
| 043 |
|
|
|a e------
|
| 050 |
|
4 |
|a JN94.A98
|b E874 2005
|
| 082 |
0 |
4 |
|a 324.2/17/094
|2 23
|
| 084 |
|
|
|a 89.61
|2 bcl
|
| 100 |
1 |
|
|a Lightfoot, Simon.
|
| 245 |
1 |
0 |
|a Europeanizing social democracy? :
|b the rise of the Party of European Socialists /
|c Simon Lightfoot.
|
| 264 |
|
1 |
|a London ;
|a New York :
|b Routledge,
|c 2005.
|
| 300 |
|
|
|a 1 online resource (xiv, 177 pages)
|
| 336 |
|
|
|a text
|b txt
|2 rdacontent
|
| 337 |
|
|
|a computer
|b c
|2 rdamedia
|
| 338 |
|
|
|a online resource
|b cr
|2 rdacarrier
|
| 490 |
1 |
|
|a Routledge advances in European politics ;
|v 31
|
| 504 |
|
|
|a Includes bibliographical references (pages [155]-166) and index.
|
| 505 |
0 |
|
|a Theoretical perspectives : how to understand Europarties -- Historical context : from the First International to the PES -- The social democratic policy area : PES employment policy -- The PES and the development of socialist environment policy -- A success story? : PES influence over the outcomes of the Treaty of Amsterdam -- PES influence on the EU agenda since Amsterdam.
|
| 588 |
|
|
|a Description based on metadata supplied by the publisher and other sources.
|
| 590 |
|
|
|a Electronic reproduction. Santa Fe, Arg.: elibro, 2020. Available via World Wide Web. Access may be limited to eLibro affiliated libraries.
|
| 610 |
2 |
0 |
|a Party of European Socialists
|x History.
|
| 610 |
2 |
0 |
|a European Union.
|
| 650 |
|
0 |
|a Political parties
|z European Union countries
|v Case studies.
|
| 650 |
|
0 |
|a Socialism
|z European Union countries.
|
| 651 |
|
0 |
|a European Union countries
|x Politics and government.
|
| 655 |
|
4 |
|a Electronic books.
|
| 797 |
2 |
|
|a elibro, Corp.
|
| 830 |
|
0 |
|a Routledge advances in European politics ;
|v 31.
|
| 856 |
4 |
0 |
|u https://elibro.uam.elogim.com/ereader/bidiuam/131113
|z Texto completo
|
| 950 |
|
|
|a eLibro English
|